00451nam a2200097Ia 4500008004100000100003000041245015800071260007700229650002800306999001900334160725s9999 xx 000 0 und d aGermano, Dennis Prince Y. 2aA policy paper on revitalizing the Philippine coconut industry to gain competitive advantage for the benefit of the primary stakeholders and the economy. bKaizen Research Journal College of Business AdministrationcJanuary 2014 aBUSINESS ADMINISTRATION c297996d297996